banner-ar

الاتجاهات الحديثة فى تخطيط و تطوير مناهج المرحلة الاولى / (Record no. 62362)

MARC details
000 -الفاتح
حقل البيانات ثابتة الطول 01103nam a22002537a 4500
005 - وقت وتاريخ اخر تعامل مع التسجيلة
رقم الضبط 20240530110546.0
008 - عناصر البيانات ثابتة الطول - معلومات عامة
حقل البيانات ثابتة الطول 160530s2013 ku a g b 000 0 ara d
017 ## - رقم الايداع القانونى
رقم الايداع القانونى 2013/1/226
المصدر ( الهيئة المختصة) الكويت . دائرة المكتبة الوطنية
020 ## - الرقم الدولى المعيارى للكتب
الرقم الدولى المعيارى للكتاب 9789957171810
040 ## - مصدر الفهرسة
وكالة الفهرسة الأصلية EG-CaGPL
082 04 - رقم تصنيف ديوى العشرى
رقم الطبعة 21
رقم التصنيف 372.19/
رقم المادة ح إ
100 0# - المدخل الرئيسى - إسم شخصى
الإسم الشخصى حلمى احمد الوكيل .
245 12 - بيان العنوان
العنوان الاتجاهات الحديثة فى تخطيط و تطوير مناهج المرحلة الاولى /
بيان المسئوليه,etc تاليف حلمى احمد الوكيل ،حسين بشير محمود .
250 ## - بيان الطبعة
بيان الطبعة ط.3
260 ## - PUBLICATION, DISTRIBUTION, ETC. (IMPRINT)
تاريخ النشر أو التوزيع 2013 .
300 ## - الوصف المادى
التعداد 336 ص ؛
أبعاد الوعاء 24 سم .
650 04 - المدخل الاضافى بالموضوع-مصطلح موضوعى
مصطلح موضوعي التعليم الابتدائى .
650 04 - المدخل الاضافى بالموضوع-مصطلح موضوعى
مصطلح موضوعي التعليم الابتدائى
التقسيم الفرعي الجغرافي الكويت
650 04 - المدخل الاضافى بالموضوع-مصطلح موضوعى
مصطلح موضوعي التعليم الابتدائى
التقسيم الفرعي العام مناهج .
650 04 - المدخل الاضافى بالموضوع-مصطلح موضوعى
مصطلح موضوعي التعليم الابتدائى
التقسيم الفرعي العام تطوير .
700 0# - المدخل الاضافى - اسم شخصى
الإسم الشخصى حسين بشير محمود
الدور مؤلف مشارك .
942 ## - عناصر المدخل الإضافي( كوها)
مصدر التصنيف او مخطط الترفيف Dewey Decimal Classification
Koha [default] item type كتاب
260 ## - PUBLICATION, DISTRIBUTION, ETC. (IMPRINT)
-- الكويت :
-- مكتبة الفلاح للنشر و التوزيع ،
Holdings
حالة التراجع حالة الفقد حالة تلف ليس للاعارة المكان المؤقت الموقع الحالى تاريخ الاكتساب اجمالي اﻻعارات رقم الطلب الباركود تاريخ اخر مشاهدة تاريخ تفعيل السعر نوع وعاء كوها
        مكتبة القاهرة الكبرى مكتبة القاهرة الكبرى 05/30/2016   372.19/ ح إ 162054 05/30/2016 05/30/2016 كتاب

Powered By

EGPV